LEADER 04445oam 2200673I 450 001 9910451744403321 005 20200520144314.0 010 $a1-283-46140-4 010 $a9786613461407 010 $a1-135-25230-0 010 $a0-203-86856-0 024 7 $a10.4324/9780203868560 035 $a(CKB)2550000000097519 035 $a(EBL)957139 035 $a(OCoLC)798532761 035 $a(SSID)ssj0000678295 035 $a(PQKBManifestationID)11414968 035 $a(PQKBTitleCode)TC0000678295 035 $a(PQKBWorkID)10699243 035 $a(PQKB)11382512 035 $a(MiAaPQ)EBC957139 035 $a(Au-PeEL)EBL957139 035 $a(CaPaEBR)ebr10535219 035 $a(CaONFJC)MIL346140 035 $a(OCoLC)785784240 035 $a(EXLCZ)992550000000097519 100 $a20180706d2012 uy 0 101 0 $aeng 135 $aur|n|---||||| 181 $ctxt 182 $cc 183 $acr 200 00$aManual of panic focused psychodynamic psychotherapy $eextended range /$fFredric N. Busch. [et al.] 210 1$aNew York :$cRoutledge,$d2012. 215 $a1 online resource (233 p.) 225 1 $aPsychoanalytic inquiry book series ;$vv. 36 300 $aDescription based upon print version of record. 311 $a0-415-87159-X 311 $a0-415-87160-3 320 $aIncludes bibliographical references and index. 327 $aCover; Copyright; Manual of panic focused psychodynamic psychotherapy-extended range; Contents; Acknowledgments; About the authors; 1. The importance of a psychodynamic manual for panic and anxiety disorders; 2. Vignette, part I; Part I : Theoretical background; 3. Basic psychodynamic concepts; 4. The psychodynamic formulation; 5. The role of development in the pathogenesis of panic and anxiety disorders; Part II : Treatment; 6. The framework of panic focused psychodynamic psychotherapy-eXtended range 327 $a7. Some techniques of psychodynamic psychotherapy as they apply to panic and anxiety disorders8. Initial evaluation and early sessions; 9. Common psychodynamic conflicts in panic and anxiety disorders; 10. Defense mechanisms in panic and anxiety disorders; 11. Working through and termination; Part III : eXtended range; 12. Psychodynamic approaches to agoraphobia and other phobias; 13. Psychodynamic approaches to social anxiety disorder; 14. Psychodynamic approaches to generalized anxiety disorder; 15. Psychodynamic approaches to posttraumatic stress disorder 327 $a16. Psychodynamic approaches to anxiety-related personality disorders17. Common clinical difficulties in practicing panic focused psychodynamic psychotherapy-eXtended range; 18. Vignette, part II: Psychodynamic formulation and therapeutic action; Afterword; References; Index 330 $a"This manual presents a carefully researched, detailed psychodynamic treatment program for the alleviation of a transdiagnostic range of primary Axis I anxiety disorders, including panic disorder, generalized anxiety disorder, social anxiety disorder, posttraumatic stress disorder, and related psychological problems. First exploring the principles of psychodynamic theory and formulation, the authors then present a three-phased process of panic-focused psychodynamic psychotherapy-extended range (PFPP-XR): initial evaluation, interpretation of central conflicts and defense mechanisms, and termination. Each phase is discussed in depth and relies on central case illustrations to demonstrate techniques and results. A subsequent chapter explores how to address complex issues that may arise during the course of treatment. Altogether, this manual not only provides a demonstrated, adaptable approach for anxiety disorders, but also clearly embodies a spirit of research and empiricism heretofore rare in psychodynamic psychotherapies, with an eye toward future development"--Provided by publisher. 410 0$aPsychoanalytic inquiry book series ;$vv. 36. 606 $aPanic disorders$xTreatment 606 $aPsychodynamic psychotherapy 608 $aElectronic books. 615 0$aPanic disorders$xTreatment. 615 0$aPsychodynamic psychotherapy. 676 $a616.85/223 701 $aBusch$b Fredric$f1958-$0887378 801 0$bMiAaPQ 801 1$bMiAaPQ 801 2$bMiAaPQ 906 $aBOOK 912 $a9910451744403321 996 $aManual of panic focused psychodynamic psychotherapy$91982444 997 $aUNINA LEADER 04467oam 22010094 450 001 9910788415203321 005 20230828232701.0 010 $a1-4623-7703-3 010 $a1-4527-1078-3 010 $a1-283-51174-6 010 $a9786613824196 010 $a1-4519-0955-1 024 7 $a10.1596/1813-9450-3954 035 $a(CKB)3360000000443413 035 $a(EBL)3014457 035 $a(SSID)ssj0000940064 035 $a(PQKBManifestationID)11479994 035 $a(PQKBTitleCode)TC0000940064 035 $a(PQKBWorkID)10948641 035 $a(PQKB)10748197 035 $a(OCoLC)694141123 035 $a(MiAaPQ)EBC3014457 035 $a(IMF)WPIEE2006242 035 $a(EXLCZ)993360000000443413 100 $a20020129d2006 uf 0 101 0 $aeng 135 $aur|n|---||||| 181 $ctxt 182 $cc 183 $acr 200 10$aBanking on the Principles : $eCompliance with Basel Core Principles and Bank Soundness /$fEnrica Detragiache, Thierry Tressel, Asli Demirgüç-Kunt 210 1$aWashington, D.C. :$cInternational Monetary Fund,$d2006. 215 $a1 online resource (35 p.) 225 1 $aIMF Working Papers 300 $a"October 2006." 311 $a1-4518-6502-3 320 $aIncludes bibliographical references. 327 $a""Contents""; ""I. INTRODUCTION""; ""II. LITERATURE REVIEW""; ""III. METHODOLOGY AND DATA""; ""IV. THE RESULTS""; ""V. CONCLUSIONS""; ""References"" 330 3 $aThis paper studies whether compliance with the Basel Core Principles for Effective Banking Supervision (BCPs) improves bank soundness. The authors find a significant and positive relationship between bank soundness (measured with Moody's financial strength ratings) and compliance with principles related to information provision2. Specifically, countries that require banks to regularly and accurately report their financial data to regulators and market participants have sounder banks. This relationship is robust to controlling for broad indexes of institutional quality, macroeconomic variables, sovereign ratings, and reverse causality. Measuring soundness through Z-scores yields similar results. These findings emphasize the importance of transparency in making supervisory processes effective and strengthening market discipline. Countries aiming to upgrade banking regulation and supervision should consider giving priority to information provision over other elements of the core principles. 410 0$aIMF Working Papers; Working Paper ;$vNo. 2006/242 606 $aBanks and banking$xState supervision 606 $aBanks and Banking$2imf 606 $aFinance: General$2imf 606 $aGeneral Financial Markets: Government Policy and Regulation$2imf 606 $aBanks$2imf 606 $aDepository Institutions$2imf 606 $aMicro Finance Institutions$2imf 606 $aMortgages$2imf 606 $aFinancial Institutions and Services: Government Policy and Regulation$2imf 606 $aFinancial services law & regulation$2imf 606 $aBanking$2imf 606 $aFinance$2imf 606 $aBank soundness$2imf 606 $aBasel Core Principles$2imf 606 $aBank supervision$2imf 606 $aBank regulation$2imf 606 $aBanks and banking$2imf 606 $aState supervision$2imf 607 $aHong Kong Special Administrative Region, People's Republic of China$2imf 615 0$aBanks and banking$xState supervision. 615 7$aBanks and Banking 615 7$aFinance: General 615 7$aGeneral Financial Markets: Government Policy and Regulation 615 7$aBanks 615 7$aDepository Institutions 615 7$aMicro Finance Institutions 615 7$aMortgages 615 7$aFinancial Institutions and Services: Government Policy and Regulation 615 7$aFinancial services law & regulation 615 7$aBanking 615 7$aFinance 615 7$aBank soundness 615 7$aBasel Core Principles 615 7$aBank supervision 615 7$aBank regulation 615 7$aBanks and banking 615 7$aState supervision 700 $aDetragiache$b Enrica$0120810 701 $aTressel$b Thierry$01463685 701 $aDemirgüç-Kunt$b Asli$01421879 712 02$aIMF Institute. 712 02$aWorld Bank. 801 0$bDcWaIMF 906 $aBOOK 912 $a9910788415203321 996 $aBanking on the Principles$93802288 997 $aUNINA LEADER 02908oam 2200709 a 450 001 9910974134603321 005 20200520144314.0 010 $a9798400635465 010 $a9786612409479 010 $a9781282409477 010 $a1282409476 010 $a9780313062810 010 $a0313062811 010 $a9780313050367 010 $a0313050368 024 7 $a10.5040/9798400635465 035 $a(CKB)1000000000452972 035 $a(EBL)492426 035 $a(OCoLC)75625884 035 $a(SSID)ssj0000133628 035 $a(PQKBManifestationID)11136871 035 $a(PQKBTitleCode)TC0000133628 035 $a(PQKBWorkID)10041858 035 $a(PQKB)10675735 035 $a(Au-PeEL)EBL492426 035 $a(CaPaEBR)ebr10349846 035 $a(CaONFJC)MIL240947 035 $a(MiAaPQ)EBC492426 035 $a(DLC)BP9798400635465BC 035 $a(Perlego)4170784 035 $a(EXLCZ)991000000000452972 100 $a20240214e20042024 uy 0 101 0 $aeng 135 $aur|n|---||||| 181 $ctxt 182 $cc 183 $acr 200 10$aCulture and customs of Israel /$fRebecca L. Torstrick 205 $a1st ed. 210 1$aWestport, Conn. :$cGreenwood Press,$d2004. 210 2$aLondon :$cBloomsbury Publishing (UK),$d2024 215 $a1 online resource (208 p.) 225 1 $aCulture and customs of the Middle East 300 $aDescription based upon print version of record. 311 08$a9780313320910 311 08$a0313320918 320 $aIncludes bibliographical references and (p. [179]-182) index. 327 $aIntroduction : land, people, education, economy, and history -- Religion and world view -- Literature, media, and cinema -- Art and architecture/housing -- Cuisine and traditional dress -- Gender, marriage, and family -- Social customs and lifestyle -- Music and dance. 330 $aStudents and other readers looking to more fully understand and appreciate Israelis of all backgrounds and their ways of life and culture now have a solid source of engaging, balanced, and accurate information. Israel's brief, turbulent history and the Arab-Israeli conflict are always taken into account in the narrative; however, the emphasis here is nonpolitical and encompassing of the heterogenous culture of its citizens, including Jews, Arabs, Druze, and others. The predominant Jewish culture itself is multicultural, with immigrants from all over the world.||Israel, a tiny state about the s 410 0$aCulture and customs of the Middle East. 606 $aEthnology$zIsrael 607 $aIsrael$xSocial life and customs 615 0$aEthnology 676 $a306/.095694 700 $aTorstrick$b Rebecca L.$f1954-$01798477 801 0$bDLC 801 1$bDLC 801 2$bDLC 906 $aBOOK 912 $a9910974134603321 996 $aCulture and customs of Israel$94341272 997 $aUNINA